[Event "POL-chT4 Slaskie"]
[Site "Poland"]
[Date "2008.04.13"]
[Round "6.19"]
[White "Brozek, Zbigniew"]
[Black "Kasperlik, Adam"]
[Result "0-1"]
[WhiteElo "2098"]
[BlackElo "2014"]
[PlyCount "57"]
[EventDate "2008.02.10"]
[EventType "team-swiss"]
[EventRounds "9"]
[EventCountry "POL"]
[SourceTitle "EXT 2019"]
[Source "ChessBase"]
[SourceDate "2018.10.10"]
[SourceVersion "1"]
[SourceVersionDate "2018.10.10"]
[SourceQuality "1"]

1. d4 Nf6 2. c4 g6 3. Nc3 Bg7 4. e4 d6 5. Nf3 0-0 6. Be2 Nbd7 7. 0-0 e5 8. d5 Nc5 9. Qc2 a5 10. Be3 Nh5 11. Nd2 Nf4 12. Bxf4 exf4 13. Nb3 Nxb3 14. axb3 f5 15. f3 Bd4+ 16. Kh1 Qh4 17. Qd1 Bf2 18. Rxf2 Qxf2 19. c5 a4 20. Rxa4 Rxa4 21. Nxa4 fxe4 22. fxe4 f3 23. Bf1 fxg2+ 24. Bxg2 Bg4 25. Qg1 Qc2 26. h3 Bf3 27. Nc3 Bxg2+ 28. Qxg2 Qc1+ 29. Kh2 0-1

[Event "POL-chT 2nd League"]
[Site "Polanica Zdroj"]
[Date "2004.09.07"]
[Round "5"]
[White "Brozek, Zbigniew"]
[Black "Zimolzak, Piotr"]
[Result "1-0"]
[WhiteElo "2088"]
[BlackElo "2119"]
[PlyCount "67"]
[EventDate "2004.09.04"]
[EventType "team-swiss"]
[EventRounds "11"]
[EventCountry "POL"]
[SourceTitle "CBM 102 Extra"]
[Source "ChessBase"]
[SourceDate "2004.11.03"]
[SourceVersion "1"]
[SourceVersionDate "2004.11.03"]
[SourceQuality "1"]
[WhiteTeam "Czerwionka Gornik 23"]
[BlackTeam "Warszawa YMCA"]
[WhiteTeamCountry "POL"]
[BlackTeamCountry "POL"]

1. e4 c5 2. c3 g6 3. d4 cxd4 4. cxd4 d5 5. e5 Nc6 6. Nc3 Nh6 7. h3 Nf5 8. Nf3 h5 9. Be2 Bg7 10. 0-0 0-0 11. b3 Kh8 12. Bb2 f6 13. Na4 fxe5 14. dxe5 e6 15. Bb5 Nce7 16. Rc1 a6 17. Bd3 Bh6 18. Rc2 Nc6 19. Ba3 Rf7 20. Bc5 g5 21. Nb6 Rb8 22. Bxf5 Rxf5 23. Bd6 Qxb6 24. Bxb8 Bd7 25. Bd6 g4 26. Nh4 Rg5 27. Bc5 Qd8 28. Be3 Rg8 29. Bxh6 Qxh4 30. g3 gxh3 31. Kh2 Qe4 32. Kxh3 Qxe5 33. Rh1 Nd4 34. Rd2 1-0

[Event "POL-chT 2nd League"]
[Site "Polanica Zdroj"]
[Date "2004.09.06"]
[Round "4"]
[White "Brozek, Zbigniew"]
[Black "Kosturkiewicz, Jacek"]
[Result "1-0"]
[WhiteElo "2088"]
[BlackElo "2163"]
[PlyCount "60"]
[EventDate "2004.09.04"]
[EventType "team-swiss"]
[EventRounds "11"]
[EventCountry "POL"]
[SourceTitle "CBM 102 Extra"]
[Source "ChessBase"]
[SourceDate "2004.11.03"]
[SourceVersion "1"]
[SourceVersionDate "2004.11.03"]
[SourceQuality "1"]
[WhiteTeam "Czerwionka Gornik 23"]
[BlackTeam "Krakow Korona"]
[WhiteTeamCountry "POL"]
[BlackTeamCountry "POL"]

1. e4 c5 2. c3 Nf6 3. e5 Nd5 4. d4 cxd4 5. Nf3 Nc6 6. cxd4 d6 7. Nc3 Nxc3 8. bxc3 dxe5 9. d5 e4 10. Ng5 Ne5 11. Nxe4 g6 12. f4 Nd7 13. Qd4 f6 14. Ba3 Qb6 15. Qd3 e5 16. Bxf8 Rxf8 17. Rb1 Qa5 18. f5 Qxa2 19. Be2 Nb6 20. Nd6+ Ke7 21. Nxc8+ Raxc8 22. d6+ Kf7 23. 0-0 Qa3 24. fxg6+ hxg6 25. Qf3 Qxd6 26. Qxb7+ Rc7 27. Qe4 Rd8 28. Rf3 Nc4 29. Bxc4+ Kg7 30. Be2 f5 1-0

[Event "POL-chT 2nd League"]
[Site "Polanica Zdroj"]
[Date "2004.09.05"]
[Round "2"]
[White "Palacz, Krzysztof"]
[Black "Brozek, Zbigniew"]
[Result "0-1"]
[WhiteElo "2108"]
[BlackElo "2088"]
[PlyCount "64"]
[EventDate "2004.09.04"]
[EventType "team-swiss"]
[EventRounds "11"]
[EventCountry "POL"]
[SourceTitle "CBM 102 Extra"]
[Source "ChessBase"]
[SourceDate "2004.11.03"]
[SourceVersion "1"]
[SourceVersionDate "2004.11.03"]
[SourceQuality "1"]
[WhiteTeam "Czestochowa Hetman"]
[BlackTeam "Czerwionka Gornik 23"]
[WhiteTeamCountry "POL"]
[BlackTeamCountry "POL"]

1. e4 c5 2. Nc3 Nc6 3. g3 d6 4. Bg2 g6 5. d3 Bg7 6. Be3 e6 7. Qd2 Nge7 8. Bh6 Bxh6 9. Qxh6 Nd4 10. 0-0-0 Nec6 11. Qg7 Ke7 12. Qh6 b5 13. Qe3 Kd7 14. Kb1 Qa5 15. Nf3 Rb8 16. Bh3 Kc7 17. Nd2 b4 18. Ne2 Nxe2 19. Qxe2 Nd4 20. Qe3 Ba6 21. f4 Bb5 22. f5 Rb6 23. Nb3 Nxb3 24. cxb3 gxf5 25. exf5 Bc6 26. Rhe1 Ra6 27. Kc2 Bd5 28. Ra1 e5 29. Qe2 Qb5 30. Bg2 Qc6 31. Bxd5 Qxd5 32. Qe4 Qd4 0-1

[Event "POL-chT Region"]
[Site "Poland"]
[Date "1999.??.??"]
[Round "?"]
[White "Brozek, Zbigniew"]
[Black "Wilk, Adam"]
[Result "1/2-1/2"]
[WhiteElo "2113"]
[BlackElo "2015"]
[PlyCount "37"]
[EventDate "1999.??.??"]
[EventType "team"]
[EventRounds "13"]
[EventCountry "POL"]
[SourceTitle "EXT 2002"]
[Source "ChessBase"]
[SourceDate "2001.11.25"]
[SourceVersion "1"]
[SourceVersionDate "2001.11.25"]
[SourceQuality "1"]

1. e4 d6 2. d4 g6 3. Nc3 Bg7 4. f4 Nd7 5. Nf3 c6 6. Be2 Qc7 7. 0-0 Ngf6 8. e5 Nd5 9. Ne4 0-0 10. c4 N5b6 11. c5 dxc5 12. dxc5 Nd5 13. Bc4 Rd8 14. Qb3 h6 15. Rd1 e6 16. Bd2 Bf8 17. Be3 Qa5 18. Bd2 Qc7 19. Be3 1/2-1/2